Statistiken für Bester Spieler Jedes Bundesligaclubs

Klicken Sie hier um das Quiz zu spielen!

Allgemein

  • Dieses Quiz wurde 215 mal gespielt
  • Das Durchschnittsergebnis liegt bei 7 aus 18

Antwortstatistiken

ClubSpieler% Korrekt
Fc BayernLewandowski
93%
DortmundHaaland
85%
LeipzigNkunku
82%
LeverkusenWirtz
60%
KölnModeste
59%
HoffenheimKramaric
49%
GladbachSommer
49%
FrankfurtKostic
48%
WolfsburgArnold
32%
BielefeldKlos
32%
FreiburgGünter
29%
BochumRiemann
28%
StuttgartSosa
23%
Spvgg FürthLeweling
19%
AugsburgDorsch
11%
Hertha BSCPlattenhardt
10%
MainzStach
10%
Union BerlinBaumgartl
2%

Verteilung der Resultate

Perzentil nach korrekt beantworteten Fragen

Anzahl Personen mit jedem Resultat

Ihre Resultats-Entwicklung

Sie haben dieses Quiz noch nicht gespielt